| 000 | 00510nam a2200181 i 4500 | ||
|---|---|---|---|
| 001 | 82600 | ||
| 003 | ES-MaACL | ||
| 005 | 20230906174712.0 | ||
| 007 | t| | ||
| 008 | 041111s1960 sp |||| | spa d | ||
| 080 | _a821.134.2-31"19" | ||
| 100 | 1 |
_aIcaza, Carmen de, _d1899-1979 _965034 |
|
| 245 | 1 | 3 |
_aLa casa de enfrente _b: novela / _cCarmen de Icaza. |
| 260 |
_aMadrid : _b[s.n.], _c1960 ( _fGráf. Clemares) |
||
| 300 |
_a329 p. ; _c20 cm. |
||
| 852 |
_aES-MaACL _jC-17747 |
||
| 999 |
_c82600 _d82600 |
||